Normal view
MARC view
Entry Uniform Title
001 - CONTROL NUMBER
- control field: 24429
003 - CONTROL NUMBER IDENTIFIER
- control field: AUA.1
005 - DATE AND TIME OF LATEST TRANSACTION
- control field: 20120815162324.0
008 - FIXED-LENGTH DATA ELEMENTS
- fixed length control field: 120815|||a|||||| | ||| d
040 ## - CATALOGING SOURCE
- Original cataloging agency: AUA.1
- Transcribing agency: AUA.1
130 ## - HEADING--UNIFORM TITLE
- Uniform title: Bible.
- Name of part/section of a work: O.T.
- Name of part/section of a work: Daniel 8:14
- General subdivision: Criticism, interpretation, etc.
670 ## - SOURCE DATA FOUND
- Source citation: Work cat.: (AUA.1)0: De Oliveira, Juarez Rodrigues. 24428, Chronological studies related to Daniel 8:14 and 9:24-27 /, c2004.